| 000 | 00563nab a2200193 a 4500 | ||
|---|---|---|---|
| 005 | 20210219161715.0 | ||
| 008 | 991125s1985 mx 000 0 spa u | ||
| 035 | _aUPN01000190530 | ||
| 100 | 1 | _aFont Moll, Vicenc | |
| 222 | _aCUADERNOS MEXICO | ||
| 245 | _aLa formación matemática y didáctica para ser profesor de matemáticas de secundaria en España | ||
| 300 | _a25-39 | ||
| 362 | 0 | _a2011 No. 3, dic. | |
| 653 | 0 | _aFORMACION DOCENTE | |
| 653 | 0 | _aEDUCACION MATEMATICA | |
| 653 | 0 | _aEDUCACION SECUNDARIA | |
| 653 | 0 | _aESPAÑA | |
| 905 | _aArticulo | ||
| 999 |
_c162633 _d162633 |
||